LEADER 00861nam0-22002771i-450- 001 990006149060403321 005 19980601 035 $a000614906 035 $aFED01000614906 035 $a(Aleph)000614906FED01 035 $a000614906 100 $a19980601d1944----km-y0itay50------ba 105 $a--------00-yy 200 1 $a<>Ubergang der Glaubigerrechte auf den Burgen und dessen Regressrechte$fvon Dr Albino de Biasio. 210 $aBern$cVerlag von Stampfli & Cie$d1944 215 $aIX,, 137 p.$d24 cm 676 $a346.494.02 700 1$aBiasio,$bAlbino : de$0233483 801 0$aIT$bUNINA$gRICA$2UNIMARC 901 $aBK 912 $a990006149060403321 952 $aCOLLEZ. 16 (211)$b57273$fFGBC 959 $aFGBC 996 $aUbergang der Glaubigerrechte auf den Burgen und dessen Regressrechte$9645930 997 $aUNINA DB $aGIU01 LEADER 03917nam 2200733Ia 450 001 9910969404003321 005 20251117082119.0 010 $a9786612452666 010 $a9781282452664 010 $a1282452665 010 $a9780567077189 010 $a0567077187 035 $a(CKB)2550000000002508 035 $a(EBL)472757 035 $a(OCoLC)562614387 035 $a(SSID)ssj0000339646 035 $a(PQKBManifestationID)12084381 035 $a(PQKBTitleCode)TC0000339646 035 $a(PQKBWorkID)10364718 035 $a(PQKB)11264431 035 $a(MiAaPQ)EBC472757 035 $a(Au-PeEL)EBL472757 035 $a(CaPaEBR)ebr10362054 035 $a(CaONFJC)MIL245266 035 $a(OCoLC)893334750 035 $a(Perlego)802932 035 $a(iGPub)BLOM0007325 035 $a(EXLCZ)992550000000002508 100 $a20010511d2000 uy 0 101 0 $aeng 135 $aur|n|---||||| 181 $ctxt 182 $cc 183 $acr 200 00$aLandscape and land use in postglacial Greece /$fedited by Paul Halstead and Charles Frederick 205 $a1st ed. 210 $aSheffield, England $cSheffield Academic Press$dc2000 215 $a1 online resource (176 p.) 225 1 $aSheffield studies in Aegean archaeology ;$v3 300 $aDescription based upon print version of record. 311 08$a9781841271842 311 08$a1841271845 320 $aIncludes bibliographical references. 327 $aContents; Abbreviations; Preface; List of Contributors; 1. Holocene Alluvial History of Northern Pieria, Macedonia, Greece; 2. Palynological Evidence for Human Influence on the Vegetation of Mountain Regions in Northern Greece: The Case of Lailias, Serres; 3. Local Vegetation and Charcoal Analysis: An Example from Two Late Neolithic Sites in Northern Greece; 4. Holocene Climate Change in Crete: An Archaeologist's View; 5. Human Impact on the Vegetation of Southern Greece and Problems of Palynological Interpretation: A Case Study from Crete 327 $a6. Deconstructing Agricultural Terraces: Examining the Influence of Construction Method on Stratigraphy, Dating and Archaeological Visibility7. Landscape Exploitation via Pastoralism: Examining the 'Landscape Degradation' versus Sustainable Economy Debate in the Post-Mediaeval Southern Argolid; 8. Land Use in Postglacial Greece: Cultural Causes and Environmental Effects; 9. The Scale and Intensity of Cultivation: Evidence from Weed Ecology; 10. Settlement Instability and Landscape Degradation in the Southern Aegean in the Third Millennium BC 327 $a11. Soils and Site Function: The Laconia Rural Sites Project 330 $aCollaboration between prehistorians and palaeoecologists is radically changing our understanding of the relationship between landscape, land use and human settlement in Greece. The chapters in this volume include case studies and broader syntheses, developments of both on-site and off-site field methodology, explorations of palaeoecological and archaeological evidence, and discussions of how the palaeoecological and archaeological records are formed. Contributions range geographically over the contrasting natural and cultural landscapes of northern and southern Greece and the lowlands and high 410 0$aSheffield studies in Aegean archaeology ;$v3. 606 $aLandscape archaeology$zGreece 606 $aLand use, Rural$zGreece$xHistory 606 $aLand settlement$zGreece$xHistory 615 0$aLandscape archaeology 615 0$aLand use, Rural$xHistory. 615 0$aLand settlement$xHistory. 676 $a949.5/05 701 $aHalstead$b Paul$0665547 701 $aFrederick$b Charles D$01898413 801 0$bMiAaPQ 801 1$bMiAaPQ 801 2$bMiAaPQ 906 $aBOOK 912 $a9910969404003321 996 $aLandscape and land use in postglacial Greece$94555547 997 $aUNINA